Yüklüyor......
History of the world
| Yazar: | |
|---|---|
| Materyal Türü: | Printed Book |
| Baskı/Yayın Bilgisi: |
Delhi:
Eurasia publishing house.
|
| Konular: |
| LEADER | 00407ntm a2200121 a 4500 | ||
|---|---|---|---|
| 082 | |a 909 | ||
| 100 | |a magenis Alice , | ||
| 260 | |a Delhi: |b Eurasia publishing house. | ||
| 650 | |a History of the world | ||
| 245 | |a History of the world |c by Alice magenis | ||
| 942 | |c BK | ||
| 999 | |c 247442 |d 247442 | ||
| 952 | |0 0 |1 0 |4 0 |6 909_000000000000000_MAG |7 0 |8 G |9 262795 |a HIS |b HIS |d 2020-01-04 |l 0 |o 909 MAG |p HIS1714 |r 2020-01-04 |t 1 |w 2020-01-04 |y BK | ||